000 00341 a2200145 4500
005 20250628155935.0
082 _a510 BUR
100 _aBURDEN, R. L.
245 _aNumerical Analysis
250 _a4th Ed.
260 _aBoston,
_bPWS, KENT Publishing Company
_c2009
300 _ax,477p.;
_c24cm
700 _aFAIRES, J. D.
942 _2ddc
_cBKS
999 _c6101
_d6101